Divočina volá

Bibliographic Details
Main Author: Heye, Artur, 1885-1947 (Author)
Other Authors: Hrušovský, Ján, 1892-1975 (Translator), Hudec, Dominik, 1917-2007 (Translator)
Format: Book
Language:Slovak
German
PhysicalDescription:149, [i] s. 8°
Published: Bratislava Svet 1944
Series:Cesty a dobrodružstvá
Subjects:

MARC

LEADER 00000cam a2200000 a 4500
001 vtls008373422
003 SK-MaSNL
005 20260301123437.0
008 250313s1944 xo 000 f slo
015 |a SNBA19421945-043/0826 
035 |a SK01SNKBKSD220010065639 
035 |a urn:nbn:sk:snk-am3hles 
035 |a EA7C1D22-4977-4DEF-A34D-AA27487D714C 
035 |a urn:nbn:sk:snk-am00d4hq 
035 |a SKM000068102 
040 |a SNK  |b slo  |c SNK  |e AACR2 
041 1 |a slo  |h ger 
044 |a xo  |c SK 
080 |a 830  |2 1981 
100 1 |a Heye, Artur,  |d 1885-1947  |4 aut  |9 470409 
240 1 4 |a Die Wildnis ruft  |l Slovensky 
245 1 0 |a Divočina volá  |c Artur Heye ; preložil Ján Hrušovský a Dominik Hudec 
260 |a Bratislava  |b Svet  |c 1944  |e Ružomberok  |f Lev 
300 |a 149, [i] s.  |c 8° 
490 1 |a Cesty a dobrodružstvá  |v sv. 1 
655 7 |a nemecká literatúra  |2 SNKPH  |9 404254 
655 7 |a dobrodružné romány  |2 SNKPH  |9 70486 
655 7 |a cestopisy  |2 SNKPH  |9 70220 
700 1 |a Hrušovský, Ján,  |d 1892-1975  |4 trl  |9 123134 
700 1 |a Hudec, Dominik,  |d 1917-2007  |4 trl  |9 38798 
830 0 |a Cesty a dobrodružstvá  |9 470410 
852 |a Slovenská národná knižnica 
954 |a beletria cudzojazyčná (svetová)  |2 lita 
958 |a RK 
958 |a TL 
958 |a DE 
958 |a UP 
958 |a LX 
958 |a OND 
999 |c 736232  |d 738162 
952 |a SNK  |b SNK  |y PREZ  |7 0  |p 17A0755085  |o snkSC 3256/1  |i snk3328/44  |0 0  |1 0  |4 0  |d 2018-08-23  |f 1  |l 0  |r 2025-06-25 00:00:00  |w 2026-02-23 
952 |a SNK  |b SNK  |y VYP  |7 0  |p 17A1154259  |o snkSC 3256/1 D1  |i snkXI. 732/55  |0 0  |1 0  |4 0  |d 2018-09-17  |l 0  |r 2026-02-23 22:44:48  |w 2026-02-23